|
|
|
|
| LEADER |
01035nam a2200229 u 4500 |
| 001 |
10067858 |
| 003 |
upatras |
| 005 |
20220119122502.0 |
| 008 |
081008s2000 gr a 0 gre |
| 952 |
|
|
|0 0
|1 0
|2 ddc
|4 0
|6 624_176000000000000_2_ΟΡΓ
|7 0
|9 206784
|a LISP
|b LISP
|c BSC
|d 2016-10-24
|i 089081
|l 0
|o 624.176 2 ΟΡΓ
|p 025000162999
|r 2016-10-24 00:00:00
|t 1
|w 2016-10-24
|y BK15
|
| 999 |
|
|
|c 125714
|d 125714
|
| 040 |
|
|
|a GR-PaULI
|c GR-PaULI
|b gre
|
| 041 |
0 |
|
|a
|
| 082 |
0 |
4 |
|a 624.176 2
|
| 110 |
|
|
|9 82719
|a Οργανισμός Αντισεισμικού Σχεδιασμού και Προστασίας
|
| 245 |
1 |
0 |
|a Ελληνικός αντισεισμικός κανονισμός (Ε.Α.Κ. 2000)
|b
|c Οργανισμός Αντισεισμικού Σχεδιασμού και Προστασίας
|
| 260 |
|
|
|a Αθήνα:
|b [χ.ό.],
|c 2000
|
| 300 |
|
|
|a 152 σ. :
|b εικ. ;
|c 30 εκ.
|
| 500 |
|
|
|a
|
| 650 |
|
0 |
|a Αντισεισμικός σχεδιασμός
|9 157774
|z Ελλάδα
|
| 942 |
|
|
|2 ddc
|c BK15
|
| 998 |
|
|
|c ΜΠΟΥΡΑΣ
|d 2016-10
|